Loading...
| History - World | 0 | 5 | 0 | 1 | 50 | 16 | 77.00 | 2 | 3 | 0.00 | 0.00 |
| Fine Arts - Visual | 0 | 4 | 1 | 1 | 35 | 91 | 122.50 | 0 | 1 | 0.00 | 0.00 |
| Fine Arts - Other | 0 | 4 | 1 | 2 | 35 | 117 | 126.00 | 0 | 0 | 0.00 | 0.00 |
| History - Other | 0 | 2 | 1 | 0 | 15 | 97 | 103.00 | 1 | 1 | 0.00 | 0.00 |
| Literature - American | 0 | 1 | 0 | 1 | 10 | 140 | 140.00 | 0 | 0 | 0.00 | 0.00 |
| Geography/Current Events | 0 | 1 | 0 | 0 | 10 | 82 | 82.00 | 0 | 0 | 0.00 | 0.00 |
| History - American | 0 | 1 | 0 | 0 | 10 | 63 | 63.00 | 1 | 1 | 0.00 | 0.00 |
| Mythology | 0 | 1 | 0 | 0 | 10 | 47 | 47.00 | 1 | 1 | 0.00 | 0.00 |
| Fine Arts - Classical Music | 0 | 1 | 1 | 0 | 5 | 124 | 124.00 | 0 | 0 | 0.00 | 0.00 |
| History - European | 0 | 1 | 2 | 1 | 0 | 118 | 118.00 | 0 | 1 | 0.00 | 0.00 |
| Religion | 0 | 0 | 1 | 0 | -5 | 0.00 | 0 | 0 | 0.00 | 0.00 |